| 000 | 00981cac a22002291u 4500 | ||
|---|---|---|---|
| 090 | _c2513 | ||
| 008 | 081222t 2001xxu||||| |||| 00| 0 eng d | ||
| 010 | _a 2005283699 | ||
| 020 | _a 0071452346 (hbk.) | ||
| 035 | _a(OCoLC)ocm60343426 | ||
| 082 | 0 | 4 |
_a658 _bMAR |
| 100 | _aMartin, Chuck, | ||
| 245 | 1 | 0 |
_aTough management : _bthe 7 ways to make tough decisions easier, deliver the numbers, and grow business in good times and bad / _cChuck Martin. |
| 260 |
_aNew York : _bMcGraw-Hill, _c2005. |
||
| 300 |
_axviii, 200 p. ; _c24 cm. |
||
| 500 | _aIncludes index. | ||
| 650 | 0 | _aManagement. | |
| 856 | 4 | 2 |
_3Contributor biographical information _uhttp://www.loc.gov/catdir/enhancements/fy0627/2005283699-b.html |
| 856 | 4 | 2 |
_3Publisher description _uhttp://www.loc.gov/catdir/enhancements/fy0627/2005283699-d.html |
| 942 |
_cBB _k658 MAR _2ddc |
||
| 999 |
_c2513 _d2513 |
||